[Event "Narbonne op 10th"]
[Site "Narbonne"]
[Date "2008.??.??"]
[Round "3"]
[White "Bergez, Luc"]
[Black "Hasbi, Nabil"]
[Result "1-0"]
[WhiteElo "2370"]
[BlackElo "1960"]
[PlyCount "65"]
[EventDate "2008.05.08"]
[EventType "swiss"]
[EventRounds "7"]
[EventCountry "FRA"]
[SourceTitle "CBM 124 Extra"]
[Source "ChessBase"]
[SourceDate "2008.07.03"]
[SourceVersion "1"]
[SourceVersionDate "2008.07.03"]
[SourceQuality "1"]

1. e4 d5 2. exd5 Qxd5 3. Nc3 Qa5 4. d4 Nf6 5. Nf3 c6 6. Bc4 Bf5 7. Bd2 e6 8. Qe2 Bb4 9. a3 Bxc3 10. Bxc3 Qc7 11. Nh4 0-0 12. Nxf5 exf5 13. 0-0-0 Nbd7 14. Qf3 Nb6 15. Bd3 Nbd5 16. Bd2 b5 17. Qxf5 a5 18. h4 b4 19. a4 Qb6 20. Be3 g6 21. Qg5 Nxe3 22. fxe3 Nd5 23. h5 Qd8 24. Qh6 Qe7 25. e4 Nb6 26. e5 Ra7 27. hxg6 fxg6 28. Bxg6 Qg7 29. Be4 Qxh6+ 30. Rxh6 Nxa4 31. Rxc6 Re7 32. Bd5+ Kg7 33. Bb3 1-0